Podstata a funkcie plánovitého riadenia
Guardado en:
| Formato: | Libro |
|---|---|
| Lenguaje: | eslovaco |
| Publicado: |
Bratislava
Pravda
1983
|
| Etiquetas: |
Sin Etiquetas, Sea el primero en etiquetar este registro!
|
MARC
| LEADER | 00000nam a2200000 4500 | ||
|---|---|---|---|
| 001 | c132173 | ||
| 005 | 20250522120058.0 | ||
| 041 | 0 | |a slo | |
| 044 | |a SK | ||
| 245 | 1 | 0 | |a Podstata a funkcie plánovitého riadenia |
| 264 | 1 | |a Bratislava |b Pravda |c 1983 | |
| 300 | |a 272 s. | ||